000
00219nam a2200097Ia 4500
005
20251222114410.0
008
251222s1900||||xx |||||||||||||| ||spa||
082
_a
DVD0124/S12/2004
245
0
_a
Sabina y Cía:
942
_c
DVD
999
_c
2003
_d
2003